000 00473nam a2200157 i 4500
001 63180
003 ES-MaACL
005 20230906164812.0
007 t|
008 031202s1963 pr ||||1| spa d
100 1 _aFernández Sánchez, Angel.
_950064
245 1 3 _aLa vertiente inaudita
_b: romances /
_cAngel Fernández Sánchez.
260 _aSan Juan de Puerto Rico :
_bClub de la Prensa,
_c1963.
300 _a148 p. ;
_c20 cm.
852 _aES-MaACL
_jC-27863
_bR.57172
999 _c63180
_d63180